000 00674cam a22002413a 4500
001 2501
003 PGUSA
005 20140828083015.0
008 010201s2001||||xxu|||||s|||||000 1 eng d
040 _aPGUSA
_beng
042 _adc
050 4 _aPS
100 1 _aRoe, Edward Payson,
_d1838-1888
245 1 2 _aA Face Illumined
_h[electronic resource] /
_cEdward Payson Roe
260 _bProject Gutenberg,
_c2001
506 _aPublic domain in the USA.
516 _aElectronic text
653 _aArtists -- Fiction
653 _aAmerican fiction -- 19th century
830 0 _aProject Gutenberg
_v2501
856 4 0 _uhttp://www.gutenberg.org/ebooks/2501
942 _cEB
999 _c231838
_d231838